000 00550nam a2200193Ia 4500
005 20260120124505.0
008 008 260114s9999 xx 000 0 eng d
020 _a9781787437906
037 _aEBOOK
040 _aCRL
_beng
_cCRL
041 _aeng
_2eng
084 _qCRL
245 0 _aExploring the Culture of Open Innovation
260 _bEmerald Publishing
_c2018
700 _aPiero Formica
_9907050
856 _uhttps://www.emerald.com/insight/publication/doi/10.1108/9781787437890
942 _cEBOOK
999 _c1498737
_d1498737